Corrosion engineering (Record no. 1267)

000 -LEADER
fixed length control field 00569nam a22002177a 4500
001 - CONTROL NUMBER
control field 1267
003 - CONTROL NUMBER IDENTIFIER
control field BD-DhUET
008 - FIXED-LENGTH DATA ELEMENTS--GENERAL INFORMATION
fixed length control field 140902b xxu||||| |||| 00| 0 eng d
020 ## - INTERNATIONAL STANDARD BOOK NUMBER
International Standard Book Number 9789848725085
040 ## - CATALOGING SOURCE
Transcribing agency 0
Modifying agency BD-DhUET
082 ## - DEWEY DECIMAL CLASSIFICATION NUMBER
Classification number 620.1122
Item number NOO/2009
100 ## - MAIN ENTRY--PERSONAL NAME
Personal name Nooruddin Ahmed
245 ## - TITLE STATEMENT
Title Corrosion engineering
Remainder of title an introductory text
250 ## - EDITION STATEMENT
Edition statement 1st ed.
260 ## - PUBLICATION, DISTRIBUTION, ETC. (IMPRINT)
Place of publication, distribution, etc. Dhaka
Name of publisher, distributor, etc. N. Ahmed and I. Mahmud
Date of publication, distribution, etc. 2009
300 ## - PHYSICAL DESCRIPTION
Extent xviii, 261 p.
504 ## - BIBLIOGRAPHY, ETC. NOTE
Bibliography, etc Includes bibliographies
650 #0 - SUBJECT ADDED ENTRY--TOPICAL TERM
Topical term or geographic name as entry element Corrosion and anti-Corrosion
700 ## - ADDED ENTRY--PERSONAL NAME
Personal name Iqbal Mahmud
942 ## - ADDED ENTRY ELEMENTS (KOHA)
Koha item type General Book
Holdings
Koha date last seen Withdrawn status Koha issues (times borrowed) Source of classification or shelving scheme Sublocation or collection (holding branch) Koha item type Price effective from Shelving location Damaged status Copy number Location (home branch) Koha full call number Koha out on loan Koha date last borrowed Koha normalized classification for sorting Lost status Not for loan Date acquired Piece designation (barcode)
2021-08-28 2 Central Library, BUETGeneral Book2014-09-02Circulation section 8Central Library, BUET620.1122/NOO/2009 2021-08-28620_000000000000000_1122NOO200  2014-09-02107513
2021-09-06 25 Central Library, BUETGeneral Book2014-09-02Circulation section 8Central Library, BUET620.1122/NOO/2009 2021-09-06620_000000000000000_1122NOO200  2014-09-02107507
2021-08-28 1 Central Library, BUETGeneral Book2014-09-02Circulation section 8Central Library, BUET620.1122/NOO/2009 2021-08-28620_000000000000000_1122NOO200  2014-09-02107508
2021-08-28 1 Central Library, BUETGeneral Book2014-09-02Circulation section  Central Library, BUET620.1122/NOO/2009 2021-08-28620_000000000000000_1122NOO200  2014-09-02107506
2021-08-28 1 Central Library, BUETGeneral Book2014-09-02Circulation section  Central Library, BUET620.1122/NOO/2009 2021-08-28620_000000000000000_1122NOO200  2014-09-02107512
2025-12-01 5 Central Library, BUETGeneral Book2014-09-02Circulation section  Central Library, BUET620.1122/NOO/20092025-12-152025-12-01620_000000000000000_1122NOO200  2014-09-02107509
2024-10-21 38 Central Library, BUETGeneral Book2014-09-02Circulation section  Central Library, BUET620.1122/NOO/2009 2024-10-21620_000000000000000_1122NOO200  2014-09-02107505
2021-08-28 1 Central Library, BUETGeneral Book2014-09-02Circulation section  Central Library, BUET620.1122/NOO/2009 2021-08-28620_000000000000000_1122NOO200  2014-09-02107511
2021-08-28 1 Central Library, BUETGeneral Book2014-09-02Circulation section  Central Library, BUET620.1122/NOO/2009 2021-08-28620_000000000000000_1122NOO200  2014-09-02107504
2021-08-28 1 Central Library, BUETGeneral Book2018-04-28Circulation section 1Central Library, BUET620.1122/NOO/2009 2021-08-28620_112200000000000_NOO_2009  2010-01-13107510